Apertura comercial y ajuste de las empresas/

Saved in:
Bibliographic Details
Main Author: Camacho Mejía, Edna
Other Authors: González Vega, Claudio
Format: Unknown
Published: San José: Academia de Centroamérica; CINDE
Subjects:
Tags: Add Tag
No Tags, Be the first to tag this record!

MARC

LEADER 00000 a2200000 04500
001 10279
003
008 991231s d
040 |a CRAI/IIS  |c CRAI/IIS 
090 |a 135608  
100 1 |a Camacho Mejía, Edna 
245 |a Apertura comercial y ajuste de las empresas/  |c Edna Camacho Mejía 
260 |a San José:   |b Academia de Centroamérica; CINDE  
300 |a xv, 262 p.  
650 |a EMPRESAS  
650 |a COSTA RICA  
650 |a EXPORTACIONES  
650 |a TECNOLOGIA  
650 |a MERCADO  
650 |a COMERCIALIZACION  
650 |a DISTRIBUCION  
650 |a COMPETENCIA  
700 |a   
700 |a González Vega, Claudio  
700 |a   
999 |c 17728  |d 17728